000 00316nam a22001337a 4500
008 260105b ||||| |||| 00| 0 eng d
020 _a9788818035971
041 _aeng
080 _a001
100 _a24
101 _aital
245 _aVacabolario Italiano
_cDiego Meldi e Anna Maria Carassiti
942 _2udc
_cBK
999 _c60744
_d60744